| 000 | 00472nam a2200157Ia 4500 | ||
|---|---|---|---|
| 003 | IQ-KOUCL | ||
| 041 | _aArabic | ||
| 082 | _a327,1 cut-492 ب | ||
| 100 | _a20260118u\\\\\\\\\\\y0engy0103\\\\ba | ||
| 100 | _aصلاح برواري | ||
| 245 | 0 | _aجلال طالباني مواقف واراء | |
| 250 | _aط1 | ||
| 260 |
_bمكتب الفكر والوعي في الاتحاد الوطني _aالسليمانية - العراق _c2010 |
||
| 300 | _a414 | ||
| 942 | _cBk | ||
| 999 |
_c187494 _d187494 |
||